ARRUPE JESUIT UNIVERSITY

CORONAVIRUS -STOP THE SPREAD - CLEAN,DISINFECT,COVER

Homosexuality and social justice (Record no. 125713)

MARC details
000 -LEADER
fixed length control field 00725nam a22001697a 4500
008 - FIXED-LENGTH DATA ELEMENTS--GENERAL INFORMATION
fixed length control field 161110b xxu||||| |||| 00| 0 eng d
050 ## - LIBRARY OF CONGRESS CALL NUMBER
Classification number BX1795.H66H768
110 ## - MAIN ENTRY--CORPORATE NAME
Corporate name or jurisdiction name as entry element Gordon,Kevin
Relator term ed.
9 (RLIN) 27408
245 ## - TITLE STATEMENT
Title Homosexuality and social justice
Remainder of title :reissue of the report of the task force on gay /lesbian issues,San Francisco
Statement of responsibility, etc /edited by Kevin Gordon and Task force on gay/lesbian issues
250 ## - EDITION STATEMENT
Edition statement rev. ed.
260 ## - PUBLICATION, DISTRIBUTION, ETC. (IMPRINT)
Place of publication, distribution, etc San Francisco
Name of publisher, distributor, etc Consultaion on Homosexuality, Social Justice and Roman catholic Theology
Date of publication, distribution, etc 1986
300 ## - PHYSICAL DESCRIPTION
Extent vi,239p.;
Dimensions 22cm.
650 ## - SUBJECT ADDED ENTRY--TOPICAL TERM
Topical term or geographic name as entry element Catholic church
General subdivision Homosexuality
9 (RLIN) 27409
710 ## - ADDED ENTRY--CORPORATE NAME
Corporate name or jurisdiction name as entry element Gordon, Kevin
Relator term ed.
9 (RLIN) 27410
710 ## - ADDED ENTRY--CORPORATE NAME
Corporate name or jurisdiction name as entry element Task force on gay /lesbian issues
9 (RLIN) 27411
942 ## - ADDED ENTRY ELEMENTS (KOHA)
Source of classification or shelving scheme Library of Congress Classification
Item type Monograph ( Printed materials)
Holdings
Withdrawn status Lost status Source of classification or shelving scheme Damaged status Not for loan Collection code Home library Current library Shelving location Date acquired Total Checkouts Full call number Barcode Date last seen Price effective from Koha item type
    Library of Congress Classification     Main Collection ARRUPE LIBRARY ARRUPE LIBRARY Main Collection 10/11/2016   BX1795.H66H768 46500009849 22/11/2017 10/11/2016 Monograph ( Printed materials)

 

Arrupe Library. PO Box MP320 Mt Pleasant, Harare, Zimbabwe
263 242 745411|librarian@aju.ac.zw